000 00959nam a2200301 i 4500
003 EG-GICUC
005 20260419110840.0
008 260419s1956 ua ||||fr|||| 00| 0 ara d
040 _a EG-GICUC
_bara
_c EG-GICUC
_d EG-GICUC
_erda
041 _aara
082 0 4 _221
_a341.6
_bا ل . م
092 0 4 _221
099 _aLaw1 11 341.6 ا ل . م 2ed 1956
100 1 _aالسيد فرج
_eمؤلف.
245 _aمع العسكريين /
_cالسيد فرج .
264 _aالقاهرة :
_bشركة الشمولى ،
_c1956 .
300 _a135 ؛ صفحة
_c24 سم
336 _2rda content
_atext
337 _2rda media
_aComputer
338 _2rda carrier
_aOnline Resource
546 _aالنص باللغة العربية
650 1 _aالقانون الدولى
650 1 _aقانون الحرب
651 1 _2qrmak
856 4 0 _uhttps://fll.law.cu.edu.eg/fulltext/bks/B11-10003.pdf
905 _a60
942 _2ddc
_cBK
_e21
_n0
999 _c71841
_d71841